000 00509nam a2200181Ia 4500
008 090124s9999 xx 000 0 und d
082 _b17122
_a4011
100 _aमधुकर
245 _a घटाघटाचे रुप आगळे
250 _a1
260 _c1968
300 _a135
600 _aमधुकर
630 _a घटाघटाचे रुप आगळे
700 _aमधुकर
730 _a घटाघटाचे रुप आगळे
942 _cBOOK
999 _c131062
_d131062